Αρχαιομετρία : απόλυτες χρονολογήσεις και αναλύσεις
Αποθηκεύτηκε σε:
| Άλλοι συγγραφείς: | |
|---|---|
| Μορφή: | Βιβλίο |
| Γλώσσα: | Greek |
| Δημοσίευση: |
Αθήνα :
Παπαζήσης,
2022.
|
| Θέματα: | |
| Ετικέτες: |
Προσθήκη ετικέτας
Δεν υπάρχουν, Καταχωρήστε ετικέτα πρώτοι!
|
MARC
| LEADER | 00000nam a2200000 a 4500 | ||
|---|---|---|---|
| 001 | 1/125893 | ||
| 008 | 230117s2022####gr | ||| |||| ||gre|| | ||
| 020 | |a 9789600239362 | ||
| 040 | |a GR-MyUa |b gre |c GR-MyUa |e AACR2 | ||
| 041 | 0 | |a gre | |
| 082 | 7 | |a 930.10285 |2 (23) | |
| 245 | 0 | 0 | |a Αρχαιομετρία : |b απόλυτες χρονολογήσεις και αναλύσεις / |c επιστημονική επιμέλεια: Νικόλαος Ζαχαριάς ... [κ.ά.]. |
| 260 | |a Αθήνα : |b Παπαζήσης, |c 2022. | ||
| 300 | |a 625 σ. : |b εγχρ. εικ. σχήμ., πίν. ; |c 24 εκ. | ||
| 500 | |a Περιέχει ψηφιακό υποστηρικτικό υλικό, εκπαιδευτικό υλικό για τους διδάσκοντες και συμπληρωματικό υλικό για τους φοιτητές (https://elearning-papazissi.gr.) | ||
| 504 | |a Περιέχει βιβλιογραφικές παραπομπές και ευρετήριο βιογραφικών σημειωμάτων. | ||
| 650 | 0 | |a Archaeometry. | |
| 650 | 0 | |a Archaeological dating. | |
| 650 | 0 | |a Archaeology |x Methodology. | |
| 650 | 0 | |a Luminescence. | |
| 650 | 0 | |a Luminescence dating. | |
| 700 | 1 | |a Ζαχαριάς, Νίκος, |e edt | |
| 852 | |a INST |b RHODES |c EUDOXUS |e 20230117 |h 930.10285 ΑΡΧ |p 005400043298 |q 005400043298 |t EDX |y 0 | ||
| 920 | |a Εύδοξος |b Παραγγελία |y Ρόδος-ΠΤΔΕ |z 2022-12 | ||
| 970 | |a Σιδερή |b Νεκταρία |z 2023-01-17 | ||